000
00327nam a2200133Ia 4500
008
191201s2007 xx 000 0 und d
082
_a
004.678
_b
YOI
100
_a
YOUNG, Margert Lavine
245
0
_a
Internet The Complete Reference
260
_a
N.Delhi
_b
TMH
_c
2007
300
_a
857
650
_a
B.Tech(IT)
942
_2
ddc
_c
BK
999
_c
2962
_d
2962